000 00860nam a2200265 i 4500
001 000017835
003 DO-SdBNP
005 20250131084048.0
007 ta
008 100406s1994 dr c 000 0 spa d
040 _aDO-SdBNP
_bspa
_cBNPHU
_erda
049 _aBNPD
082 4 _axxx
_bZ24b
_222
100 _aZambrano, Héctor,
_d1956-
_931315
_eautor
245 1 0 _aBiografía de un restaurador :
_bGeneral José Sánchez Zambrano /
_cHéctor Zambrano
264 1 _aSanto Domingo :
_bEditora Gente,
_c1994.
300 _a200 páginas :
_bretratos ;
_c21 cm.
336 _atexto
_btxt
_2rdacontent
337 _asin mediación
_bn
_2rdamedia
338 _avolumen
_bnc
_2rdacarrier
500 _aIncluye datos biográficos del autor en la contracubierta
504 _aBibliografía : páginas 198-200
590 _aInventariado, 2024/BT
942 _2ddc
_cLBS1
999 _c17359
_d17359